[Event "Druga liga Srbije grupa Vojvodina 2012"]
[Site "Kac"]
[Date "2012.10.19"]
[Round "8.6"]
[White "Marjanusic, Vladimir"]
[Black "Bulajic, Ratko"]
[Result "1-0"]
[WhiteElo "2266"]
[BlackElo "2331"]
[PlyCount "103"]
[EventDate "2012.10.14"]

1. e4 c5 2. Nf3 d6 3. Bb5+ Bd7 4. Bxd7+ Qxd7 5. O-O Nf6 6. Qe2 Nc6 7. Rd1 Rc8
8. d4 cxd4 9. Nxd4 Nxd4 10. Rxd4 e5 11. Rd3 h6 12. a4 Be7 13. b3 O-O 14. c4 Ne8
15. Nc3 f5 16. exf5 Qxf5 17. Nd5 Bf6 18. Rf3 Qe6 19. Qe4 Bd8 20. Rxf8+ Kxf8 21.
Ba3 Rc6 22. Re1 Kg8 23. Rd1 Bb6 24. Rd3 Bd8 25. Rf3 a6 26. h3 g5 27. Bc1 b5 28.
Nf6+ Nxf6 29. Qxc6 bxc4 30. bxc4 a5 31. Rb3 Be7 32. Rb8+ Kf7 33. Rb7 g4 34. Ba3
Kg6 35. Qc7 Ng8 36. Qd7 Qxc4 37. Qxg4+ Qxg4 38. hxg4 Kf6 39. Ra7 Ke6 40. Rxa5
Nf6 41. f3 Bd8 42. Ra6 Bc7 43. Bc1 h5 44. g5 Nd5 45. Kf1 Bb6 46. Ra8 Nc7 47.
Rb8 Ba5 48. Ke2 Nd5 49. Bd2 Bc3 50. a5 Bd4 51. Rb7 Ne7 52. a6 1-0

[Event "Druga liga Srbije grupa Vojvodina 2012"]
[Site "Kac"]
[Date "2012.10.19"]
[Round "8.6"]
[White "Strangar, Zlatko"]
[Black "Subasic, Zarko"]
[Result "1-0"]
[WhiteElo "2221"]
[BlackElo "2133"]
[Annotator " "]
[PlyCount "53"]
[EventDate "2012.10.14"]

1. e4 c5 2. Nc3 Nc6 3. Nge2 g6 4. d4 cxd4 5. Nxd4 Bg7 6. Be3 d6 7. Bc4 Nf6 8.
h3 O-O 9. Bb3 Bd7 10. O-O Rc8 11. f4 Na5 12. e5 Nh5 13. e6 Nxb3 14. axb3 fxe6
15. Rxa7 $6 Nxf4 16. Rxf4 Rxf4 17. Bxf4 e5 (17... Qb6 $5) 18. Be3 exd4 19. Bxd4
e5 20. Be3 Bc6 21. b4 Qh4 22. b5 Qg3 23. Nd5 Rf8 24. bxc6 bxc6 25. Ne7+ Kh8 26.
Qd2 d5 27. Nxc6 1-0

[Event "Druga liga Srbije grupa Vojvodina 2012"]
[Site "Kac"]
[Date "2012.10.19"]
[Round "8.6"]
[White "Kaszas, Viktor"]
[Black "Ivanovic, Miroslav"]
[Result "1-0"]
[WhiteElo "2027"]
[BlackElo "2104"]
[PlyCount "69"]
[EventDate "2012.10.14"]

1. e4 e6 2. d4 d5 3. Nd2 a6 4. Ngf3 c5 5. e5 cxd4 6. Bd3 Nc6 7. O-O Bc5 8. Nb3
Bb6 9. c3 Nge7 10. Nbxd4 Ng6 11. Re1 Qc7 12. Qe2 h6 13. h4 Qe7 14. g3 Bc7 15.
Nxc6 bxc6 16. h5 Nf8 17. b4 Nd7 18. a4 O-O 19. Bf4 c5 20. Bc2 Ra7 21. Nh4 Rd8
22. Qg4 Kh8 23. bxc5 Nf8 24. c6 Ba5 25. Re3 Rc7 26. Rf3 Rxc6 27. Bxh6 gxh6 28.
Rf6 $18 Ng6 29. hxg6 Rg8 30. Rxf7 (30. Qh5 Kg7 31. gxf7 Qxf6 32. exf6+ Kxf6 33.
fxg8=Q) 30... Rc7 31. Qf4 Qg5 32. g7+ Rxg7 33. Rf8+ Rg8 34. Ng6+ Kg7 35. Rxg8+
1-0

[Event "Druga liga Srbije grupa Vojvodina 2012"]
[Site "Kac"]
[Date "2012.10.19"]
[Round "8.6"]
[White "Roganovic, Nebojsa"]
[Black "Brindza, Istvan"]
[Result "1-0"]
[WhiteElo "2204"]
[BlackElo "2014"]
[PlyCount "75"]
[EventDate "2012.10.14"]

1. e4 c5 2. Nf3 d6 3. Bb5+ Bd7 4. Bxd7+ Qxd7 5. c4 Nf6 6. Nc3 g6 7. d4 cxd4 8.
Nxd4 Bg7 9. f3 O-O 10. Be3 Rc8 11. b3 Nc6 12. Rc1 Nxd4 13. Bxd4 Nh5 14. Bxg7
Nxg7 15. O-O Rc5 16. f4 Rd8 17. a4 a6 18. Qf3 f5 19. Rfe1 fxe4 20. Qxe4 e6 21.
Rcd1 Qf7 22. Qe3 Rf5 23. Ne4 Rxf4 24. Nxd6 Qf8 25. Nxb7 Rxd1 26. Rxd1 h5 27.
Nc5 Qf5 28. Re1 Kh7 29. Ne4 h4 30. g3 hxg3 31. Nxg3 Qg4 32. Rf1 g5 33. Qe2 Qh3
34. Rxf4 gxf4 35. Qe4+ Kg8 36. Qxf4 Nf5 37. Nxf5 exf5 38. Qg3+ 1-0